[Event "HUN-chT1 Maroczy 2324"]
[Site "Hungary"]
[Date "2024.02.18"]
[Round "6.12"]
[White "Kacsandi, Lili Fruzsina"]
[Black "Balogh, Borbala"]
[Result "1-0"]
[WhiteElo "1785"]
[BlackElo "1513"]
[PlyCount "57"]
[EventDate "2023.10.08"]
[EventType "team-tourn"]
[EventRounds "11"]
[EventCountry "HUN"]
[SourceTitle "EXT 2025"]
[Source "ChessBase"]
[SourceDate "2024.10.14"]
[SourceVersion "1"]
[SourceVersionDate "2024.10.14"]
[SourceQuality "1"]
[WhiteTeam "Pitypalatty"]
[BlackTeam "DVTK EMSE"]
[WhiteTeamCountry "HUN"]
[BlackTeamCountry "HUN"]

1. e4 c5 2. Nc3 e6 3. g3 Nc6 4. Bg2 g6 5. d3 Bg7 6. Be3 d6 7. Qd2 Nge7 8. Bh6 0-0 9. h4 Re8 10. h5 Bh8 11. hxg6 fxg6 12. Nf3 Ne5 13. Nxe5 Bxe5 14. f4 Bf6 15. Bf3 Qb6 16. Rb1 Qb4 17. a3 Bxc3 18. Qxc3 Qxc3+ 19. bxc3 Rb8 20. Kd2 b6 21. Rh2 Bb7 22. c4 Nf5 23. exf5 Bxf3 24. f6 Rbd8 25. Rf1 Bc6 26. g4 Bd7 27. Bg5 Rc8 28. Rfh1 Bc6 29. f7+ 1-0

[Event "Mezokovesd Hegedus Memorial 4th"]
[Site "Mezokovesd"]
[Date "2023.12.27"]
[Round "1"]
[White "Balogh, Borbala"]
[Black "Sulyok, Eszter"]
[Result "1/2-1/2"]
[WhiteElo "1467"]
[BlackElo "2088"]
[PlyCount "86"]
[EventDate "2023.12.27"]
[EventType "swiss"]
[EventRounds "6"]
[EventCountry "HUN"]
[SourceTitle "CBM 217 Extra"]
[Source "ChessBase"]
[SourceDate "2024.01.31"]
[SourceVersion "1"]
[SourceVersionDate "2024.01.31"]
[SourceQuality "1"]

1. Nf3 c5 2. g3 Nc6 3. Bg2 e5 4. d3 g6 5. 0-0 Bg7 6. e4 Nge7 7. Nbd2 0-0 8. h3 d6 9. Re1 h6 10. Nc4 Be6 11. Ne3 Qd7 12. Kh2 f5 13. exf5 gxf5 14. Nf1 Ng6 15. c4 f4 16. Rb1 Rf7 17. a3 a5 18. b3 Raf8 19. N1d2 Nd4 20. Nxd4 cxd4 21. Nf3 d5 22. Qe2 e4 23. dxe4 dxe4 24. g4 exf3 25. Qxe6 fxg2 26. Qxg6 Re7 27. Bb2 Rf6 28. Qd3 f3 29. Rxe7 Qd6+ 30. Kg1 Qxe7 31. Qxd4 Rf7 32. Qd2 Qe4 33. Re1 Rd7 34. Qxa5 b6 35. Qb4 Qe2 36. Bxg7 Rd1 37. Qf8+ Kh7 38. Qh8+ Kg6 39. Qxh6+ Kf7 40. Qf6+ Ke8 41. Qc6+ Kf7 42. Qf6+ Ke8 43. Qc6+ Kf7 1/2-1/2

[Event "HUN-chT2 Barcza 2324"]
[Site "Hungary"]
[Date "2023.10.29"]
[Round "2.9"]
[White "Balogh, Borbala"]
[Black "Szava, Miklos"]
[Result "0-1"]
[WhiteElo "1478"]
[BlackElo "1923"]
[PlyCount "46"]
[EventDate "2023.10.08"]
[EventType "team-tourn"]
[EventRounds "9"]
[EventCountry "HUN"]
[SourceTitle "EXT 2025"]
[Source "ChessBase"]
[SourceDate "2024.10.14"]
[SourceVersion "1"]
[SourceVersionDate "2024.10.14"]
[SourceQuality "1"]
[WhiteTeam "Lillafured DVTK II"]
[BlackTeam "Karsol DSBK"]
[WhiteTeamCountry "HUN"]
[BlackTeamCountry "HUN"]

1. Nf3 c5 2. d3 Nc6 3. g3 e5 4. Nbd2 f5 5. e4 d6 6. Bg2 Nf6 7. b3 Be7 8. Bb2 0-0 9. 0-0 f4 10. c3 Bg4 11. Qc2 Qd7 12. Rfe1 Rac8 13. Rac1 Nh5 14. a3 Bh3 15. Bh1 Qg4 16. Bg2 fxg3 17. hxg3 Bxg2 18. Kxg2 Nf4+ 19. Kg1 Qh3 20. gxf4 Rxf4 21. Nh2 Rxf2 22. Kxf2 Qxh2+ 23. Ke3 Bg5+ 0-1

[Event "HUN-chT BAZ megyei CSB 2223"]
[Site "Hungary"]
[Date "2023.01.22"]
[Round "6.3"]
[White "Balogh, Borbala"]
[Black "Vanczak, Attila"]
[Result "0-1"]
[WhiteElo "1517"]
[BlackElo "2136"]
[PlyCount "68"]
[EventDate "2022.09.25"]
[EventType "team-tourn"]
[EventRounds "9"]
[EventCountry "HUN"]
[SourceTitle "EXT 2025"]
[Source "ChessBase"]
[SourceDate "2024.10.14"]
[SourceVersion "1"]
[SourceVersionDate "2024.10.14"]
[SourceQuality "1"]
[WhiteTeam "DVTK III"]
[BlackTeam "Miskolc KisBocsok"]
[WhiteTeamCountry "HUN"]
[BlackTeamCountry "HUN"]

1. c4 f5 2. Nc3 Nf6 3. g3 g6 4. Bg2 Bg7 5. Nf3 d6 6. 0-0 e5 7. d3 0-0 8. Rb1 Nc6 9. b4 Ne7 10. Bb2 h6 11. a4 g5 12. a5 c6 13. Qa4 a6 14. Qb3 Be6 15. Na4 Qe8 16. Nb6 Rd8 17. Qc2 Ng6 18. c5 g4 19. Nd2 d5 20. e3 f4 21. exf4 exf4 22. Rfe1 f3 23. Bf1 Qf7 24. Nb3 Rfe8 25. Nd4 Re7 26. Re3 Rde8 27. Rbe1 h5 28. Nxe6 Rxe6 29. Rxe6 Rxe6 30. Qd2 Bh6 31. Qc3 d4 32. Qxd4 Rxe1 33. Qxf6 Qxf6 34. Bxf6 Bd2 0-1

[Event "HUN-chT BAZ megyei CSB 2223"]
[Site "Hungary"]
[Date "2023.01.15"]
[Round "5.3"]
[White "Balogh, Imre Jr"]
[Black "Balogh, Borbala"]
[Result "1-0"]
[WhiteElo "1910"]
[BlackElo "1517"]
[PlyCount "115"]
[EventDate "2022.09.25"]
[EventType "team-tourn"]
[EventRounds "9"]
[EventCountry "HUN"]
[SourceTitle "EXT 2025"]
[Source "ChessBase"]
[SourceDate "2024.10.14"]
[SourceVersion "1"]
[SourceVersionDate "2024.10.14"]
[SourceQuality "1"]
[WhiteTeam "Szerencs Varos"]
[BlackTeam "DVTK III"]
[WhiteTeamCountry "HUN"]
[BlackTeamCountry "HUN"]

1. d4 Nf6 2. Nf3 g6 3. c4 Bg7 4. Nc3 d6 5. e4 0-0 6. h3 e5 7. d5 h6 8. Be3 Nbd7 9. Qd2 Kh7 10. Bd3 Ne8 11. Nh2 Nef6 12. 0-0-0 a6 13. Ng4 Ng8 14. Kb1 Ndf6 15. f3 Bd7 16. g3 Nh5 17. Ne2 b5 18. c5 Qb8 19. c6 Be8 20. Rdg1 b4 21. Nf2 Nhf6 22. f4 a5 23. fxe5 dxe5 24. g4 b3 25. a3 a4 26. Ng3 Qc8 27. Be2 Qd8 28. h4 Qe7 29. g5 h5 30. gxf6 Nxf6 31. Bg5 Qc5 32. Rg2 Rd8 33. Qc1 Qd6 34. Nd3 Rb8 35. Bxf6 Bxf6 36. Qc5 Be7 37. Qxd6 Bxd6 38. Rc1 Be7 39. Rh2 Kg7 40. Nc5 Bxc5 41. Rxc5 Ra8 42. Kc1 f6 43. Kd2 Bf7 44. Rh1 Rfd8 45. Kc3 Kh6 46. Bc4 Ra7 47. Rb5 Kg7 48. Rb7 Rda8 49. Rxa7 Rxa7 50. Rd1 Kh6 51. d6 cxd6 52. Bxf7 Rxf7 53. Rxd6 Rc7 54. Rxf6 Kg7 55. Rd6 Kf7 56. Kc4 Rc8 57. Kd5 Rc7 58. Rd7+ 1-0

[Event "HUN-chT BAZ megyei CSB 2223"]
[Site "Hungary"]
[Date "2022.11.13"]
[Round "4.3"]
[White "Balogh, Borbala"]
[Black "Varga, Laszlo"]
[Result "0-1"]
[WhiteElo "1441"]
[BlackElo "1821"]
[PlyCount "112"]
[EventDate "2022.09.25"]
[EventType "team-tourn"]
[EventRounds "9"]
[EventCountry "HUN"]
[SourceTitle "EXT 2025"]
[Source "ChessBase"]
[SourceDate "2024.10.14"]
[SourceVersion "1"]
[SourceVersionDate "2024.10.14"]
[SourceQuality "1"]
[WhiteTeam "DVTK III"]
[BlackTeam "Kazincbarcika II"]
[WhiteTeamCountry "HUN"]
[BlackTeamCountry "HUN"]

1. Nf3 Nf6 2. g3 e6 3. d3 d5 4. Bg2 c5 5. 0-0 Nc6 6. Nbd2 Bd6 7. e4 dxe4 8. dxe4 Bb8 9. c3 Qc7 10. Qc2 h5 11. Nc4 Nd7 12. Bh3 Nde5 13. Nfxe5 Nxe5 14. Bf4 Nf3+ 15. Kh1 Qe7 16. Bxb8 Rxb8 17. Rad1 h4 18. Nd6+ Kf8 19. Nxc8 Rxc8 20. Qa4 hxg3 21. fxg3 Rxh3 22. Rxf3 Rd8 23. Qc2 g6 24. Rxd8+ Qxd8 25. Qd3 Qg5 26. Qd6+ Kg7 27. Qf4 Qe7 28. Qe3 b6 29. Qd2 Qb7 30. Qd3 Rh5 31. Kg1 Re5 32. Re3 Qc6 33. b3 c4 34. Qd4 Qc5 35. Qxc5 Rxc5 36. b4 Rc8 37. Kf2 Rd8 38. Ke2 g5 39. g4 b5 40. Ke1 a5 41. a3 axb4 42. axb4 Ra8 43. h3 Ra1+ 44. Kf2 Kf6 45. Kf3 Ke5 46. Kg3 Rf1 47. Kg2 Rf4 48. Rf3 Kxe4 49. Rxf4+ Kxf4 50. Kf2 f5 51. gxf5 exf5 52. Ke2 Kg3 53. Kf1 Kxh3 54. Kg1 Kg3 55. Kf1 f4 56. Kg1 Kf3 0-1

[Event "HUN-ch U10"]
[Site "Tapolca"]
[Date "2021.08.02"]
[Round "1"]
[White "Balogh, Borbala"]
[Black "Hangyal, Anna"]
[Result "1-0"]
[WhiteElo "1242"]
[BlackElo "1051"]
[PlyCount "53"]
[EventDate "2021.08.01"]
[EventType "swiss"]
[EventRounds "7"]
[EventCountry "HUN"]
[SourceTitle "EXT 2022"]
[Source "ChessBase"]
[SourceDate "2021.10.06"]
[SourceVersion "1"]
[SourceVersionDate "2021.10.06"]
[SourceQuality "1"]

1. Nf3 c5 2. g3 Nc6 3. d3 Nf6 4. Bg2 d5 5. Nbd2 Bf5 6. Nh4 Bg4 7. h3 Bd7 8. Nhf3 e5 9. e4 dxe4 10. dxe4 Nd4 11. Nxe5 Ba4 12. b3 Bd6 13. Nec4 Bc7 14. bxa4 0-0 15. 0-0 b5 16. axb5 Nxb5 17. Bb2 Ba5 18. e5 Nc3 19. Bxc3 Bxc3 20. exf6 Rb8 21. Rb1 Qd4 22. fxg7 Rfd8 23. Rxb8 Rxb8 24. Qg4 Qd8 25. Ne4 Rb4 26. Nxc3 Qf6 27. Nd5 1-0